| 000 | 00529nam a22001937a 4500 | ||
|---|---|---|---|
| 003 | KOHA_MİRAKIL | ||
| 005 | 20250416173159.0 | ||
| 008 | 250416b tu ||||| |||| 00| 0 tur d | ||
| 020 | _a9786053423829 | ||
| 040 |
_aTR-AnABB _btur _cTR-AnABB |
||
| 041 | _atur | ||
| 082 |
_a813.42 _bMER 2017 |
||
| 100 | 1 | _aMersin, Hamdi, | |
| 245 | 1 | 0 |
_aSarayın Sırp gelini / _cHamdi Mersin |
| 260 |
_aAnkara : _bAkçağ Yayınevi, _c2017 |
||
| 300 |
_a336 sayfa ; _c21 cm |
||
| 650 | 0 | 4 | _aTürk edebiyatı, roman |
| 942 |
_2ddc _cBK |
||
| 999 |
_c8725 _d8725 |
||
| 900 | _bGizem YORULMAZ | ||